Fictional Characters' U.S. Home States - Statistics

General Stats
  • This quiz has been taken 37 times
    36 since last reset
  • The average score is 12 of 19
Answer Stats
Character Genre Source U.S. State % Correct
Forrest Gump Movie Forrest Gump Alabama
91%
Walter White TV Show Breaking Bad New Mexico
84%
Dorothy and Toto Book and Movie The Wizard of Oz Kansas
81%
George Costanza TV Show Seinfeld New York
81%
Scarlett O'Hara Book/Movie Gone With The Wind Georgia
78%
Dwight Schrute TV Show The Office Pennsylvania
78%
Eric Cartman Cartoon South Park Colorado
75%
Peter Griffin Cartoon Family Guy Rhode Island
75%
Tony Soprano TV Show The Sopranos New Jersey
72%
Bella Swan Book/Movie Twilight Washington
69%
Huckleberry Finn Book/Movie Adventures of Huckleberry Finn Missouri
66%
Yogi Bear Cartoon Yogi Bear Wyoming
63%
Al Bundy TV Show Married... With Children Illinois
53%
Wile E. Coyote Cartoon Looney Tunes Utah
50%
Napoleon Dynamite Movie Napoleon Dynamite Idaho
44%
Garfield The Cat Comic Garfield Indiana
44%
The Stepford Wives Book/TV Show The Stepford Wives Connecticut
38%
Scooby-Doo Cartoon Scooby-Doo, Where Are You! Ohio
25%
Charlie Brown Cartoon/Comic Peanuts Minnesota
16%
No matching quizzes found
Score Distribution
Percent of People with Each Score
Percentile by Number Answered
Your Score History
You have not taken this quiz since the last reset